| 000 | 01015cam a22003257a 4500 | ||
|---|---|---|---|
| 003 | CHAP | ||
| 005 | 20220329141708.0 | ||
| 008 | 971013s1980 r 00010 d | ||
| 010 | _a72356 | ||
| 011 | _a73328 | ||
| 035 | _a82885 | ||
| 040 | _cCHAP | ||
| 082 |
_a639.3 _bG3 |
||
| 100 | 1 |
_aGarcía-Badell Lapetra, José Javier. _946819 |
|
| 245 | 0 | _aGranjas acuáticas | |
| 260 |
_aMadrid : _bInstituto Nacional de Investigaciones Agrarias, _c1980 |
||
| 300 |
_a168 p. _b: ilus. |
||
| 590 |
_aBATCH-UPD _b10 _c20130110 _lUCH01 _h1053 |
||
| 590 |
_aBATCH-UPD _b10 _c20130410 _lUCH01 _h0649 |
||
| 590 |
_aBATCH-UPD _b10 _c20130914 _lUCH01 _h1905 |
||
| 590 |
_aBATCH-UPD _b10 _c20180305 _lUCH01 _h0956 |
||
| 590 |
_aBATCH-UPD _b10 _c20180305 _lUCH01 _h1154 |
||
| 590 |
_aCONVERSION _b10 _c20130109 _lUCH01 _h1340 |
||
| 650 | 1 | 4 |
_aAlgas. _93947 |
| 650 | 1 | 4 |
_aPeces. _986441 |
| 650 | 1 | 4 |
_aPiscicultura. _988531 |
| 901 | _aBK | ||
| 942 | _cLIBRO | ||
| 949 |
_a639.3 G3 _bBC _cLIBRO _d33724000756201 _eLIBRO _h61183 _i82885 _si _t400.00 |
||
| 999 |
_c72356 _d72356 |
||